000 00305nam a22001337a 4500
008 170426b xxu||||| |||| 00| 0 eng d
020 _a9780471575054
041 _aeng
080 _23 ED
_a547
100 _a12
101 _aSHM
245 _aMICROSCALE ORGANIC LABORATORY
_cMAYO.D.W
942 _2udc
_cBK
999 _c12090
_d12090